• 首页
  • 本馆介绍
  • 公告通知
  • 最新文献
  • 馆藏检索
  • 电子资源
  • 读者荐购
  • 参考咨询
  • CALIS
  • 我的图书馆
  • 登录
  • 详细信息显示
  • 放入我的书架
  • 预约/预借图书
  • 作者相关作品
  • 分类相关作品
  • 丛书相关作品
  • 出版社相关作品

书目信息

  • 表格格式
  • 工作单格式
  • 卡片格式
题名:
打造品牌
    
 
作者: 蒲楠 主编
分册:  
出版信息: 北京   中国纺织出版社  2004.01
页数: 339页
开本: 23cm
丛书名: 中国企业策划
单 册:
中图分类: F279.1
科图分类:
主题词: 企业管理--市场营销学--中国
电子资源:
ISBN: 7-5064-2796-6
 
 
 
 
 
000 00771nam 2200253 45
001 0120040552
005 20050831035821.23
010    @a7-5064-2796-6@dCNY32.00
100    @a20030111d2004 ekmy0chiy0121 ea
101    @achi
102    @aCN@b110000
105    @ay a 000yy
200 1  @a打造品牌@Ada zao pin pai@f蒲楠主编
210    @a北京@c中国纺织出版社@d2004.01
215    @a339页@d23cm
225 2  @a中国企业策划
320    @a有书目(第339页)。
330    @a本书立足于中国品牌经营现状,结合大量案例、从品牌经营者的角度、探索品牌塑造、创建、发展、管理和增值的历程。
410  0 @12001 @a中国企业策划
606 0  @a企业管理@x市场营销学@y中国
690    @aF279.1@v4
701  0 @a蒲楠@APu Nan@4主编
801  0 @aCN@bQSSK@c20050831
905    @a10447@dF279.1@eP798
    
    打造品牌/蒲楠主编.-北京:中国纺织出版社,2004.01
    339页;23cm.-(中国企业策划)
    
    
    ISBN 7-5064-2796-6:CNY32.00
    本书立足于中国品牌经营现状,结合大量案例、从品牌经营者的角度、探索品牌塑造、创建、发展、管理和增值的历程。
●
相关链接 在E读中查询图书 在当当中查询图书 在豆瓣中查询图书


正题名:打造品牌     索取号:F279.1/P798         预约/预借

序号 登录号 条形码 馆藏地/架位号 状态 备注
1 565494   205654941   社科库409/409社科库 97排2列3层/ [索取号:F279.1/P798] 在馆    
2 565495   205654950   社科库409/409社科库 97排2列3层/ [索取号:F279.1/P798] 在馆    
3 565496   205654969   社科库409/409社科库 97排2列3层/ [索取号:F279.1/P798] 在馆    
河南城建学院图书馆 欢迎您!
大连网信软件有限公司© 版权所有